| 000 | 01721nam a2200301 4500 | ||
|---|---|---|---|
| 001 | 0000016924 | ||
| 003 | CO-CtgCURN | ||
| 005 | 20250429224007.0 | ||
| 007 | ta | ||
| 008 | 160627s1972 000 0 eng d | ||
| 040 |
_aCO-CtgCURN _bspa _ccoctgcurn |
||
| 082 | 0 |
_a371.330 _bG66m |
|
| 100 | 1 | _aGoodwin, Arthur B. | |
| 245 | 1 | 0 |
_aManual de medios audiovisuales para la educación general basica / _cArthur B. Goodwin. |
| 260 |
_aMadrid : _bParaninfo, _c1972. |
||
| 300 | _a216 p. | ||
| 336 | _2rdacontent | ||
| 337 |
_2rdamedia _asin mediacion _bn |
||
| 338 |
_2rdacarrier _avolumen _bnc |
||
| 490 | 1 | _aBiblioteca de innovacion educativa. Serie 5 | |
| 500 | _aNotas al pie del texto. | ||
| 504 | _aBibliografia ( p. 209-211 ) | ||
| 505 | 8 | _aComo sacar el mayor provecho de cada dispositivo audiovisual.--Eficacia de la enseñanza de la lectura por medios audiovisuales.--Tecnicas audiovisuales para perfecciónar la expresion oral y escrita.--La ortografia y la instrucción audiovisual.--Metodos audiovisuales para la enseñanza de la caligrafia.--Empleo imaginativo de medios audiovisuales en el programa de estudios audiovisuales.--Nuevas aproximaciones audiovisuales a la enseñanza de las ciencias.--Nuevas modalidades audiovisuales para impartir una enseñanza mas eficaz de las artes.--El bibliotecario en la enseñanza escolar con medios multiples.--La educación fisica y las tecnicas audiovisuales.--Preparativos audiovisuales para excursiones y visitas cientifico escolares y empleo de recursos comunitarios | |
| 650 | 1 | 4 |
_aEnseñanza audiovisual _vManuales. |
| 908 | _a160627 | ||
| 942 |
_cBK _h371.330 _iG66m _2ddc |
||
| 999 |
_c34646 _d34646 |
||